|
|
|
|
| LEADER |
00000cam a2200000 7i4500 |
| 001 |
0000018728 |
| 005 |
20241127.0 |
| 008 |
070226 ohu eng |
| 020 |
|
|
|a 0324305605
|
| 040 |
|
|
|a INS
|b eng
|e rda
|
| 090 |
0 |
0 |
|a KF570
|b .J33 2006
|
| 100 |
1 |
|
|a Jacobus, Charles J. ,
|e author
|
| 245 |
1 |
0 |
|a Real estate principles
|c Charles J. Jacobus
|
| 250 |
|
|
|a Tenth edition
|
| 264 |
|
1 |
|a Mason, OH :
|b Thomson South-western
|c 2006
|
| 300 |
|
|
|a xxv, 574 pages ;
|c 26 cm.
|
| 336 |
|
|
|a text
|2 rdacontent
|
| 337 |
|
|
|a unmediated
|2 rdamedia
|
| 338 |
|
|
|a volume
|2 rdacarrier
|
| 650 |
|
0 |
|a Real estate business
|z United States
|
| 650 |
|
0 |
|a Real property
|z United States
|
| 650 |
|
0 |
|a Vendors and purchasers
|z United States
|
| 999 |
|
|
|a 0000018059
|b BOOK
|c Open Shelf
|e Default branch
|